Los actos del habla en las discusiones argumentativas: un modelo teórico para el análisis de discusiones orientadas hacia la resolución de diferencias de opinión
Guardado en:
| Autores principales: | , |
|---|---|
| Formato: | Libro |
| Lenguaje: | español |
| Publicado: |
Santiago
Ediciones Universidad Diego Portales
2013
|
| Edición: | 1a. ed |
| Colección: | Colección Pensamiento Contemporáneo
|
| Materias: | |
| Etiquetas: |
Agregar Etiqueta
Sin Etiquetas, Sea el primero en etiquetar este registro!
|
MARC
| LEADER | 00000cam a2200000 a 4500 | ||
|---|---|---|---|
| 001 | UCC1130 | ||
| 003 | CL-VaPUC | ||
| 008 | 170929e20130000cl |||||||||||||||||spa|d | ||
| 020 | |a 9789563142488 | ||
| 082 | 0 | 4 | |a 401.41 |b EEM |2 21 |
| 100 | 0 | |a Eemeren, Frans H. van |e author |9 595167 | |
| 700 | 0 | |a Grootendorst, Rob |e author |9 595168 | |
| 245 | 1 | 4 | |a Los actos del habla en las discusiones argumentativas: un modelo teórico para el análisis de discusiones orientadas hacia la resolución de diferencias de opinión |
| 250 | |a 1a. ed | ||
| 300 | |a 406 p | ||
| 942 | |c BK | ||
| 945 | |d 20170929 13:43:00 |a arojas | ||
| 260 | |a Santiago |b Ediciones Universidad Diego Portales |c 2013 | ||
| 650 | 0 | |a Filosofía del lenguaje |9 257082 | |
| 650 | 0 | |a Argumentación |9 257103 | |
| 650 | 0 | |a Análisis del discurso |9 256696 | |
| 583 | |a last modification |c 20170929 13:43:00 |k Rodrigo Vera | ||
| 490 | 0 | |a Colección Pensamiento Contemporáneo | |
| 999 | |c 369705 |d 369703 | ||
| 952 | |0 0 |1 0 |3 erb |4 0 |6 401_410000000000000_EEM_2013 |7 0 |8 A |9 485687 |a BIBDER |b BIBDER |i 5425972 |o 401.41 EEM 2013 |p 5425972 |r 2023-01-25 |w 2019-11-24 |y BK |z Catalogado en:20170929 |k DER | ||